<?xml version="1.0" encoding="UTF-8"?>
<collection xmlns="http://www.loc.gov/MARC21/slim">
 <record>
  <leader>00573cam a2200169 7i4500</leader>
  <controlfield tag="001">0000065441</controlfield>
  <controlfield tag="005">20091117090000.0</controlfield>
  <controlfield tag="008">090617s2008    ne       f    000 0 eng d</controlfield>
  <datafield tag="020" ind1="#" ind2="0">
   <subfield code="a">0750679697 (hbk.) </subfield>
  </datafield>
  <datafield tag="020" ind1="#" ind2="0">
   <subfield code="a">9780750679695 (hbk.) </subfield>
  </datafield>
  <datafield tag="090" ind1="0" ind2="0">
   <subfield code="a">TJ 778 </subfield>
   <subfield code="b">.S6 2008</subfield>
  </datafield>
  <datafield tag="100" ind1="1" ind2="#">
   <subfield code="a">Soares, Claire </subfield>
  </datafield>
  <datafield tag="245" ind1="1" ind2="0">
   <subfield code="a">Gas turbines : </subfield>
   <subfield code="b">a handbook of air, land and sea applications  </subfield>
   <subfield code="c">Claire Soares.</subfield>
  </datafield>
  <datafield tag="260" ind1="#" ind2="#">
   <subfield code="a">Amsterdam: </subfield>
   <subfield code="b">Elsevier Butterworth-Heinemann, </subfield>
   <subfield code="c">2008.</subfield>
  </datafield>
  <datafield tag="300" ind1="#" ind2="#">
   <subfield code="a">xx, 750 p.: </subfield>
   <subfield code="b">ill.; </subfield>
   <subfield code="c">27 cm..</subfield>
  </datafield>
  <datafield tag="650" ind1="0" ind2="0">
   <subfield code="a">Gas-turbines </subfield>
  </datafield>
  <datafield tag="999" ind1=" " ind2=" ">
   <subfield code="a">1100065531</subfield>
   <subfield code="b">Book</subfield>
   <subfield code="c">Open Shelf</subfield>
   <subfield code="e">KOLEKSI TERBUKA</subfield>
  </datafield>
 </record>
</collection>
